[Event "Titled Tuesday intern op 25th Jan"]
[Site "Chess.com INT"]
[Date "2022.01.25"]
[Round "9"]
[White "Vetokhin, Ilia"]
[Black "Muromtsev, Arthur"]
[Result "0-1"]
[WhiteElo "2305"]
[BlackElo "2129"]
[PlyCount "138"]
[EventDate "2022.01.25"]
[EventType "swiss (blitz)"]
[EventRounds "11"]
[EventCountry "USA"]
[SourceTitle "CBM 206 Extra"]
[Source "ChessBase"]
[SourceDate "2022.03.31"]
[SourceVersion "1"]
[SourceVersionDate "2022.03.31"]
[SourceQuality "1"]

1. d4 Nf6 2. c4 c5 3. d5 g6 4. Nc3 Bg7 5. e4 d6 6. Be2 0-0 7. Bg5 h6 8. Bf4 b5 9. cxb5 a6 10. a4 axb5 11. Bxb5 Ba6 12. f3 Nh5 13. Bd2 e6 14. dxe6 fxe6 15. Nge2 d5 16. exd5 exd5 17. 0-0 c4 18. Be3 Bb7 19. Bd4 Nf6 20. Nf4 Qd6 21. Nxg6 Ng4 22. fxg4 Rxf1+ 23. Kxf1 Qxg6 24. Bxg7 Qxg7 25. Nxd5 Qf7+ 26. Kg1 Bxd5 27. Qd2 Nc6 28. Qxh6 Ne7 29. Rf1 Qg6 30. Qf4 Bf7 31. h4 Nd5 32. Qf5 Ne3 33. Qxg6+ Bxg6 34. Re1 Nxg4 35. Bxc4+ Kg7 36. b3 Rd8 37. Re7+ Kf6 38. Re1 Ne5 39. a5 Ra8 40. Ra1 Be4 41. Kf2 Ra7 42. g3 Ba8 43. Ke3 Re7 44. a6 Nxc4+ 45. Kd4 Nd6 46. g4 Kg7 47. g5 Nf5+ 48. Kc5 Nxh4 49. b4 Nf5 50. b5 Re5+ 51. Kb6 Nd6 52. Rb1 Re6 53. Kc7 Nf7 54. b6 Re7+ 55. Kc8 Re8+ 56. Kc7 Re7+ 57. Kb8 Bc6 58. b7 Nd6 59. Rd1 Nxb7 60. axb7 Rxb7+ 61. Kc8 Rb5 62. Rd6 Be4 63. Re6 Bf5 64. Kd7 Bxe6+ 65. Kxe6 Rxg5 66. Kd6 Rg6+ 67. Kd7 Rf6 68. Kc7 Re6 69. Kd8 Kf7 0-1

[Event "Titled Tuesday intern op 25th Jan"]
[Site "Chess.com INT"]
[Date "2022.01.25"]
[Round "7"]
[White "Vetokhin, Ilia"]
[Black "Qashashvili, Alexandre"]
[Result "1/2-1/2"]
[WhiteElo "2305"]
[BlackElo "2505"]
[PlyCount "37"]
[EventDate "2022.01.25"]
[EventType "swiss (blitz)"]
[EventRounds "11"]
[EventCountry "USA"]
[SourceTitle "CBM 206 Extra"]
[Source "ChessBase"]
[SourceDate "2022.03.31"]
[SourceVersion "1"]
[SourceVersionDate "2022.03.31"]
[SourceQuality "1"]

1. d4 d5 2. c4 c6 3. Nc3 Nf6 4. e3 Bg4 5. Be2 Bxe2 6. Qxe2 e6 7. Nf3 Bd6 8. 0-0 0-0 9. e4 dxe4 10. Nxe4 Nxe4 11. Qxe4 h6 12. Rd1 Nd7 13. b3 Qe7 14. Bb2 Ba3 15. Qe2 Bxb2 16. Qxb2 Rfd8 17. h3 Nf6 18. Rd2 a6 19. Rad1 1/2-1/2

[Event "Arandjelovac ASK-3 FM"]
[Site "Arandjelovac"]
[Date "2021.12.24"]
[Round "9"]
[White "Vetokhin, Ilia"]
[Black "Sredojevic, Ivan"]
[Result "1/2-1/2"]
[WhiteElo "2244"]
[BlackElo "2292"]
[PlyCount "34"]
[EventDate "2021.12.19"]
[EventType "tourn"]
[EventRounds "10"]
[EventCountry "SRB"]
[SourceTitle "EXT 2023"]
[Source "ChessBase"]
[SourceDate "2022.10.05"]
[SourceVersion "1"]
[SourceVersionDate "2022.10.05"]
[SourceQuality "1"]

1. d4 Nf6 2. c4 e6 3. g3 d5 4. Bg2 Be7 5. Nf3 0-0 6. 0-0 dxc4 7. Ne5 c5 8. dxc5 Bxc5 9. Qxd8 Rxd8 10. Nxc4 Nd5 11. Nc3 Nxc3 12. bxc3 Nc6 13. Bf4 Bd7 14. Rfd1 Be8 15. Rab1 Rxd1+ 16. Rxd1 Rd8 17. Rxd8 Nxd8 1/2-1/2

[Event "Arandjelovac ASK-3 FM"]
[Site "Arandjelovac"]
[Date "2021.12.23"]
[Round "8"]
[White "Vetokhin, Ilia"]
[Black "Lekic, Miodrag"]
[Result "1-0"]
[WhiteElo "2244"]
[BlackElo "2087"]
[PlyCount "77"]
[EventDate "2021.12.19"]
[EventType "tourn"]
[EventRounds "10"]
[EventCountry "SRB"]
[SourceTitle "EXT 2023"]
[Source "ChessBase"]
[SourceDate "2022.10.05"]
[SourceVersion "1"]
[SourceVersionDate "2022.10.05"]
[SourceQuality "1"]

1. d4 Nf6 2. c4 g6 3. Nc3 Bg7 4. e4 d6 5. Be2 0-0 6. Bg5 h6 7. Be3 c5 8. dxc5 Qa5 9. Bd2 Qxc5 10. Nf3 Nc6 11. 0-0 Ne5 12. Nxe5 dxe5 13. Be3 Qc6 14. f3 Be6 15. Nd5 Rfe8 16. Qd2 Kh7 17. Qb4 Bf8 18. Rac1 Nd7 19. c5 Qc8 20. Bb5 Rd8 21. c6 bxc6 22. Bxc6 Rb8 23. Qa3 Bxd5 24. Bxd5 e6 25. Qxa7 exd5 26. Rxc8 Rbxc8 27. exd5 Kg7 28. Rd1 Nf6 29. Qa6 Rd6 30. Qe2 Rd7 31. a4 Rdc7 32. Qa6 Ne8 33. Rb1 f5 34. b4 f4 35. Bc5 Bxc5+ 36. bxc5 Rxc5 37. d6 Nf6 38. Qa7+ Kg8 39. d7 1-0

[Event "Arandjelovac ASK-3 FM"]
[Site "Arandjelovac"]
[Date "2021.12.19"]
[Round "1"]
[White "Jovanovic, Sasa M"]
[Black "Vetokhin, Ilia"]
[Result "0-1"]
[WhiteElo "2169"]
[BlackElo "2244"]
[PlyCount "46"]
[EventDate "2021.12.19"]
[EventType "tourn"]
[EventRounds "10"]
[EventCountry "SRB"]
[SourceTitle "EXT 2023"]
[Source "ChessBase"]
[SourceDate "2022.10.05"]
[SourceVersion "1"]
[SourceVersionDate "2022.10.05"]
[SourceQuality "1"]

1. d4 Nf6 2. Nf3 e6 3. c4 d5 4. Nc3 Bb4 5. Bg5 0-0 6. e3 Bxc3+ 7. bxc3 b6 8. Qc2 Nbd7 9. cxd5 exd5 10. Ne5 Qe7 11. Bxf6 Qxf6 12. f4 Nxe5 13. fxe5 Qg5 14. Qf2 f6 15. Qf4 Qf5 16. Qxf5 Bxf5 17. exf6 Rxf6 18. Kd2 Be4 19. Re1 Raf8 20. Bd3 Rf2+ 21. Re2 Rxe2+ 22. Kxe2 Bxg2 23. Rg1 Bf3+ 0-1

[Event "Thessaloniki Vardaris op 6th"]
[Site "Thessaloniki"]
[Date "2020.02.27"]
[Round "1"]
[White "Sebastian, Andreas"]
[Black "Vetokhin, Ilia"]
[Result "1-0"]
[WhiteElo "1940"]
[BlackElo "2112"]
[PlyCount "163"]
[EventDate "2020.02.27"]
[EventType "swiss"]
[EventRounds "7"]
[EventCountry "GRE"]
[SourceTitle "CBM 195 Extra"]
[Source "ChessBase"]
[SourceDate "2020.05.31"]
[SourceVersion "1"]
[SourceVersionDate "2020.05.31"]
[SourceQuality "1"]

1. d4 Nf6 2. Bf4 e6 3. e3 c5 4. c3 Nc6 5. Nd2 d5 6. Ngf3 Bd6 7. Bg3 0-0 8. Bd3 b6 9. e4 Be7 10. e5 Nh5 11. Ng5 Bxg5 12. Qxh5 g6 13. Qe2 cxd4 14. h4 Bxd2+ 15. Qxd2 dxc3 16. bxc3 d4 17. c4 Qe7 18. a3 Na5 19. h5 g5 20. h6 Kh8 21. Bc2 Rg8 22. Qd3 Rg6 23. Qxd4 Ba6 24. Bxg6 Rd8 25. Qc3 hxg6 26. Qb4 Nc6 27. Qa4 Na5 28. 0-0 Bxc4 29. Rfd1 Rd5 30. Rxd5 exd5 31. e6 fxe6 32. Re1 Kh7 33. Qb4 Qxb4 34. axb4 Nc6 35. Rxe6 Bb5 36. f4 Kxh6 37. f5 Nd4 38. Rxg6+ Kh5 39. Rd6 Nxf5 40. Rxd5 Nxg3 41. Rxb5 Kg4 42. Rd5 Ne4 43. Rd7 a5 44. bxa5 bxa5 45. Rd4 Kf4 46. Ra4 g4 47. Rxa5 Ke3 48. Ra3+ Kf4 49. Ra8 Kg3 50. Ra3+ Kf4 51. Kf1 Ng3+ 52. Ke1 Ne4 53. Ke2 Ng3+ 54. Kd3 Nf5 55. Kd2 Nd6 56. Ke2 Nf5 57. Kf2 Nd6 58. Ra4+ Kg5 59. Ke3 Nf5+ 60. Ke4 Ng3+ 61. Ke5 Kh4 62. Kf6 Ne2 63. Ra3 Ng3 64. Re3 Nh1 65. Kf5 Ng3+ 66. Ke5 Nh5 67. Ra3 Ng3 68. Rb3 Ne2 69. Re3 Ng3 70. Re1 Kg5 71. Ke6 Kf4 72. Ra1 Kg5 73. Ra8 Ne2 74. Ke5 Kh4 75. Ke4 Ng3+ 76. Ke3 Nf5+ 77. Kf4 Ng3 78. Rh8+ Nh5+ 79. Kf5 g3 80. Kg6 Kg4 81. Rxh5 Kf4 82. Rf5+ 1-0

[Event "Moscow op-A 16th"]
[Site "Moscow"]
[Date "2020.01.31"]
[Round "7"]
[White "Zhukov, Anton"]
[Black "Vetokhin, Ilia"]
[Result "0-1"]
[WhiteElo "2252"]
[BlackElo "2112"]
[PlyCount "148"]
[EventDate "2020.01.25"]
[EventType "swiss"]
[EventRounds "9"]
[EventCountry "RUS"]
[SourceTitle "CBM 194 Extra"]
[Source "ChessBase"]
[SourceDate "2020.03.31"]
[SourceVersion "1"]
[SourceVersionDate "2020.03.31"]
[SourceQuality "1"]

1. d4 Nf6 2. c4 e6 3. Nf3 b6 4. g3 Ba6 5. Qc2 Bb4+ 6. Bd2 Be7 7. Bg2 0-0 8. 0-0 c6 9. Bf4 d5 10. b3 Nbd7 11. Rd1 Rc8 12. Ne5 Nxe5 13. Bxe5 Nd7 14. Bf4 Bf6 15. e4 Bg5 16. Bxg5 Qxg5 17. Qd2 Qxd2 18. Nxd2 dxe4 19. Nxe4 Rfd8 20. c5 Rc7 21. Rac1 Kf8 22. b4 Ke7 23. a4 bxc5 24. dxc5 Rb8 25. Rb1 Bc4 26. Nd6 Bd5 27. Bxd5 cxd5 28. Nb5 Rc6 29. Nd4 Rc7 30. Nb5 Rc6 31. Nxa7 Ra6 32. Nb5 Rxa4 33. Nd4 Kf6 34. c6 Ne5 35. b5 Rxd4 36. Rxd4 Nf3+ 37. Kg2 Nxd4 38. c7 Rc8 39. b6 Nc6 40. Ra1 Ke7 41. Kf3 Kd7 42. Ke3 Re8 43. f4 Ne7 44. Rc1 Nf5+ 45. Kd3 Kc8 46. g4 Nd6 47. Kd4 Ne4 48. f5 Kb7 49. fxe6 fxe6 50. Ke5 Nd2 51. Kd6 Nc4+ 52. Kd7 Rc8 53. Kxe6 Nxb6 54. Kd6 Re8 55. g5 d4 56. Rd1 Re4 57. Rb1 Re8 58. Rd1 Nc8+ 59. Kd7 Re7+ 60. Kd8 Rxc7 61. Rxd4 Nb6 62. Ke8 Kc6 63. Kf8 g6 64. Kg8 Re7 65. Rh4 Nd5 66. Ra4 Kd6 67. h4 Ke5 68. Ra5 Ke4 69. Rb5 Nf4 70. Rb3 Kf5 71. Rg3 Nh5 72. Rg2 Kf4 73. Rg1 Ng3 74. Rg2 Kg4 0-1

[Event "Moscow op-A 16th"]
[Site "Moscow"]
[Date "2020.01.25"]
[Round "1"]
[White "Kardashevskiy, Evgeny"]
[Black "Vetokhin, Ilia"]
[Result "1/2-1/2"]
[WhiteElo "2437"]
[BlackElo "2112"]
[PlyCount "106"]
[EventDate "2020.01.25"]
[EventType "swiss"]
[EventRounds "9"]
[EventCountry "RUS"]
[SourceTitle "CBM 194 Extra"]
[Source "ChessBase"]
[SourceDate "2020.03.31"]
[SourceVersion "1"]
[SourceVersionDate "2020.03.31"]
[SourceQuality "1"]

1. d4 Nf6 2. Nf3 e6 3. c4 b6 4. g3 Ba6 5. b3 b5 6. cxb5 Bxb5 7. Nc3 Ba6 8. Bg2 d5 9. 0-0 Nbd7 10. Bb2 Be7 11. Re1 0-0 12. Ne5 Nxe5 13. dxe5 Nd7 14. e4 c6 15. Na4 Bb5 16. Rc1 Rc8 17. Nc3 Ba6 18. Bf1 Bxf1 19. Kxf1 Qa5 20. Qe2 d4 21. Na4 c5 22. f4 Nb6 23. Nxb6 axb6 24. a3 b5 25. Red1 Rc7 26. f5 Rfc8 27. Qg4 Qa6 28. Kg2 c4 29. bxc4 bxc4 30. Bxd4 c3 31. Be3 g6 32. fxe6 Qxe6 33. Qxe6 fxe6 34. Rc2 Bxa3 35. Kf3 Rb7 36. Rd3 Bb2 37. Rd6 Kf7 38. Ke2 Ba3 39. Rd4 Rb2 40. Kd3 Rxc2 41. Kxc2 Rc7 42. Ra4 Bc5 43. Bf4 Be7 44. Ra6 Bf8 45. Ra8 h6 46. h4 Ke7 47. g4 Kf7 48. h5 Bg7 49. Ra5 Bf8 50. Ra6 g5 51. Be3 Be7 52. Ra5 Bf8 53. Rb5 Be7 1/2-1/2